| 000 | 01258nas a2200325 4500 | ||
|---|---|---|---|
| 001 | BR2011008123 | ||
| 003 | BR-BrBNA | ||
| 005 | 20231205115842.0 | ||
| 007 | ta | ||
| 008 | 230509b bl.|||p| |||| 00| 00por d | ||
| 040 |
_aBR-BrBNA _bpor _cBiblioteca Nacional de Agricultura |
||
| 041 | _a(Pt) | ||
| 072 | _aL70 | ||
| 100 | 1 | _aQueiroz, F.F. de | |
| 100 | 1 | _aNunes, T.C. | |
| 100 | 1 | _aRamos, R.M. | |
| 100 | 1 | _aPontes, L.A.E. de | |
| 100 | 1 | _aCarvalho, A.P.M. de | |
| 100 | 1 | _aSilveira, L.S. da | |
| 100 | 1 | _aSampaio, R.L. | |
| 245 | 1 | _aTécnica cirúrgica para tratamento de distocia em papagaio-verdaeiro (Amazona aestiva, Linnaeus 1758)por mau posicionamento e aumento de tamanho do ovo - Relato de caso | |
| 246 | 1 | _aSurgical technique for treatment of dystocia in turquoise-fronted parrots (Amazona aestiva, Linnaeus 1758)with an enlarged egg in wrong position - A case report | |
| 650 | _aPAPAGAIO | ||
| 650 | _aCIRURGIA | ||
| 650 | _aDISTÚRBIO ANIMAL | ||
| 650 | _aOVO | ||
| 773 | 0 |
_tMEDVEP. Revista Científica de Medicina Veterinária. Pequenos Animais e Animais de Estimação (Brazil) _xISSN 1678-1430 _g(Jan-Mar 2011), v. 9(28) p. 121-124 _wBR2011008123 |
|
| 909 |
_a202311 _bLúcia _c55 _dLúcia Elande |
||
| 942 |
_2AGRIS _n0 _cANA |
||
| 999 |
_c216013 _d216013 |
||